|
|
|
|
| LEADER |
00000nab a2200000ua 4500 |
| 001 |
vtls010829337 |
| 003 |
SK-MaSNL |
| 005 |
20260303144948.0 |
| 008 |
230222s1971 xo |||||||||||||||||eng| |
| 035 |
|
|
|a (urnnbn)urn:nbn:sk:snk:ar-a06ffg
|
| 035 |
|
|
|a urn:nbn:sk:snk-ab5upw
|
| 035 |
|
|
|a (uuid)759837c5-ebef-4d95-80cd-5acd513e8b96
|
| 040 |
|
|
|a SNKBUCL
|b slo
|c SNKBUCL
|e AACR2
|
| 041 |
0 |
|
|a eng
|
| 044 |
|
|
|a xo
|c SK
|
| 100 |
1 |
|
|a Medzihradský, J.
|4 aut
|9 1159574
|
| 245 |
1 |
0 |
|a Altered Immunogenicity of the Allogeneic Spleen Cell Preparations from Rats Affected by the Graft-versus-host Reaction
|c J. Medzihradský
|
| 773 |
0 |
|
|t Neoplasma : journal of experimental and clinical oncology
|g Roč. 18, č. 2 (1971), s. 225-227
|
| 958 |
|
|
|a OND
|
| 958 |
|
|
|a EUIPO
|
| 958 |
|
|
|a article5
|
| 999 |
|
|
|c 1999873
|d 2001803
|